000 00235 a2200097 4500
001 14687
100 _aHasan Askari
245 _aSociety state in Islam an introduction
260 _aLondon
_bProgressive books
_c
090 _c11472
_d11472
942 _aNUST-CAE
_cM
_c1639
999 _c249760
_d249760